The dilemmas of internationalism : French syndicalism and the international labour movement, 1900-1914
Αποθηκεύτηκε σε:
| Κύριος συγγραφέας: | |
|---|---|
| Μορφή: | Βιβλίο |
| Γλώσσα: | English |
| Δημοσίευση: |
New York :
Berg,
c1990
|
| Θέματα: | |
| Ετικέτες: |
Προσθήκη ετικέτας
Δεν υπάρχουν, Καταχωρήστε ετικέτα πρώτοι!
|
MARC
| LEADER | 00000nam a2200000 i 4500 | ||
|---|---|---|---|
| 001 | 1/91368 | ||
| 008 | 991018s1990 eng d | ||
| 020 | |a 0-85496-617-X | ||
| 035 | |l 10053555 | ||
| 040 | |a GR-MY-UA |b gre |e aacr | ||
| 041 | 0 | |a eng | |
| 082 | 0 | |a 335.82094409041 | |
| 100 | 1 | |a Milner, Susan. | |
| 245 | 1 | 4 | |a The dilemmas of internationalism : |b French syndicalism and the international labour movement, 1900-1914 / |c Susan Milner |
| 260 | |a New York : |b Berg, |c c1990 | ||
| 300 | |a 260 p. | ||
| 504 | |a Includes bibliographical references | ||
| 650 | 0 | 0 | |a Syndicalism |z France |x History |y 20th century. |
| 650 | 0 | 0 | |a International labor activities |x History |y 20th century. |
| 650 | 0 | 0 | |a Labor unions and communism |x History |y 20th century. |
| 852 | |a INST |b LESVOS |e 19991018 |h 335.82094409041 MIL |p 005100019107 |q 005100019107 |t BK |y 0 | ||
| 901 | |a BIBL1-1999-3 | ||
| 909 | |a Λ |b 066731 | ||
| 922 | |a 1ΕΛΗ |b 199907 |c ΚΠΣ/ΤΚ |d ΠΑΠΑΣΩΤΗΡΙΟΥ | ||
| 950 | |a 103-1998-07-27 | ||
| 970 | |a ΤΖΑΦΕΡΗ |b ΕΥΑΓΓΕΛΙΑ |z 1999/11/04 | ||